000 01856nam a2200481 i 4500
001 143256
003 FlNmELB
005 20241217181742.0
006 m o d |
007 cr cnu||||||||
008 150406s2014 sp ob 001 0 spa d
020 _z9788420684093
020 _a9788420685878 (e-book)
035 _a(MiAaPQ)EBC3228203
035 _a(Au-PeEL)EBL3228203
035 _a(CaPaEBR)ebr11028800
035 _a(OCoLC)992001118
040 _aFINmELB
_bspa
_erda
_cFINmELB
050 4 _aLC1031
_b.R541 2014
080 _a37
082 0 _a372.1264
_223
100 1 _aRico Romero, Luis.
245 1 0 _aCompetencias matemáticas desde una perspectiva curricular /
_cLuis Rico Romero, José Luis Lupiáñez Gómez.
264 1 _aMadrid :
_bAlianza Editorial,
_c2014.
300 _a1 recurso en línea (368 páginas)
336 _atexto
_btxt
_2rdacontent/spa
337 _acomputadora
_bc
_2rdamedia/spa
338 _arecurso en línea
_bcr
_2rdacarrier/spa
490 1 _aCompetencias básicas en educación
500 _aIncluye índice.
504 _aContiene bibliografía.
588 _aDescripción basada en recurso en línea; Título de la página del título en PDF (e-libro, visto April 06, 2015).
590 _aRecurso electrónico. Santa Fe, Arg.: e-libro, 2015. Disponible vía World Wide Web. El acceso puede estar limitado para las bibliotecas afiliadas a e-libro.
650 0 _aCompetency based education.
650 0 _aMathematics
_xStudy and teaching.
650 4 _aEducación basada en competencias.
650 4 _aMatemáticas
_xEstudio y enseñanza.
655 4 _aLibros electrónicos.
700 1 _aLupiáñez Gómez, José Luis,
_eautor.
797 2 _ae-libro, Corp.
830 0 _aCompetencias básicas en educación.
856 4 0 _uhttps://elibro.net/ereader/politecnicointernacional/45394
999 _c143256
_d143256